| 000 | 00414nam a2200109Ia 4500 | ||
|---|---|---|---|
| 008 | 171204s9999 xx 000 0 und d | ||
| 245 | _aProceedings of the Second International Conference on Intelligent Transportation: (Smart Innovation, Systems and Technologies) | ||
| 245 | _cHuapu Lu | ||
| 260 | _c2016 | ||
| 650 | _xTransportation Operation Management | ||
| 856 | _uhttp://down.ebook777.com/056/9789811023972.pdf | ||
| 999 |
_c346737 _d346737 |
||